003380000a22001210004500090001700000245004200017041001400059700003300073100004000106942001300146773004000159999001700199 aASbSeriadas10aSinopsis de Amaranthaceae de Colombia0 aEspañol1 aFranco Rosselli, Pilar947961 aAgudelo Henao, Carlos Alberto91556 cARTICULO1 tCaldasia345h79q439-448d1991g16 c14337d14337